banner-ar

راس المال المخاطر : (Record no. 63243)

MARC details
000 -الفاتح
حقل البيانات ثابتة الطول 01024nam a22002657a 4500
005 - وقت وتاريخ اخر تعامل مع التسجيلة
رقم الضبط 20240530110630.0
008 - عناصر البيانات ثابتة الطول - معلومات عامة
حقل البيانات ثابتة الطول 170118s2014 ua ak g b 000 0 ara d
017 ## - رقم الايداع القانونى
رقم الايداع القانونى 2013/22100
المصدر ( الهيئة المختصة) مصر. دار الكتب
020 ## - الرقم الدولى المعيارى للكتب
الرقم الدولى المعيارى للكتاب 9789774384308
040 ## - مصدر الفهرسة
وكالة الفهرسة الأصلية EG-CaGPL
وكالة النسخ EG-CaGPL
082 04 - رقم تصنيف ديوى العشرى
رقم الطبعة 21
رقم التصنيف 332.6\
رقم المادة ب ر
100 0# - المدخل الرئيسى - إسم شخصى
الإسم الشخصى براق محمد
245 10 - بيان العنوان
العنوان راس المال المخاطر :
بقية العنوان تجارب و نماذج عالمية /
بيان المسئوليه,etc براق محمد ، بن زواى محمد الشريف
250 ## - بيان الطبعة
بيان الطبعة ط. 1
260 ## - PUBLICATION, DISTRIBUTION, ETC. (IMPRINT)
تاريخ النشر أو التوزيع 2014.
300 ## - الوصف المادى
التعداد 136 ص. :
تفاصيل ماديه اخرى للوعاء ايض ؛
أبعاد الوعاء 24 سم.
504 ## - تبصرة ببليوجرافية
تبصرة ببليوجرافية,الخ يشتمل على ارجاعات ببليوجرافية
650 07 - المدخل الاضافى بالموضوع-مصطلح موضوعى
مصدر الرأس أو المصطلح qrmak
مصطلح موضوعي راس المال
650 07 - المدخل الاضافى بالموضوع-مصطلح موضوعى
مصدر الرأس أو المصطلح qrmak
مصطلح موضوعي راس المال
التقسيم الفرعي العام استثمار
651 ## - المدخل الاضافى بالموضوع - اسم جغرافى
مصدر الرأس أو المصطلح qrmak
653 04 - مصطلح تكشيفى غير مقيد
مصطلح غير مقيد راس المال - مخاطر
700 0# - المدخل الاضافى - اسم شخصى
الإسم الشخصى بن زواى محمد الشريف
الدور مؤلف مشارك
942 ## - عناصر المدخل الإضافي( كوها)
مصدر التصنيف او مخطط الترفيف Dewey Decimal Classification
Koha [default] item type كتاب
260 ## - PUBLICATION, DISTRIBUTION, ETC. (IMPRINT)
-- الاسكندرية :
-- المكتب الجامعى الحديث ،
Holdings
حالة التراجع حالة الفقد حالة تلف ليس للاعارة المكان المؤقت الموقع الحالى موقع الترفيف تاريخ الاكتساب اجمالي اﻻعارات رقم الطلب الباركود تاريخ اخر مشاهدة تاريخ تفعيل السعر نوع وعاء كوها
        مكتبة القاهرة الكبرى مكتبة القاهرة الكبرى القاعة الرئيسية 01/18/2017   332.6\ ب ر 163216 01/18/2017 01/18/2017 كتاب

Powered By

EGPV